| 000 | 00000nam##2200000za#4500 |
| 001 | 9.695683 |
| 003 | CaOODSP |
| 005 | 20230202144025 |
| 007 | cr ||||||||||| |
| 008 | 150407|1995||||xxc|||||o f|0| 0 eng|d |
| 040 | |aCaOODSP|beng |
| 043 | |an-cn--- |
| 086 | 1 |aH72-21/133-3-1995E-PDF |
| 110 | 2 |aNational Clearinghouse on Family Violence (Canada). |
| 245 | 10|aAbuse and neglect of older adults in institutional settings : |h[electronic resource]|bdiscussion paper, building from French language resources / |cprepared by Marie Beaulieu and Marie-Josée Tremblay. |
| 260 | |aOttawa - Ontario : |bHealth Canada. |cMarch 1995. |
| 300 | |a40p.|breferences |
| 500 | |aThe catalogue number (H72-21/133-3-1995E) and ISBN (0-662-23475-8) for the print edition have been incorrectly copied in this electronic publication. |
| 590 | |a12-13-Supp|b2012-04-03 |
| 720 | 1 |aBeaulieu, Marie |
| 720 | 1 |aTremblay, Marie-Josée |
| 776 | 0#|tAbuse and neglect of older adults in institutional settings: discussion paper, building from French language resources / |w(CaOODSP)9.645903 |
| 856 | 40|ahttp://publications.gc.ca|qPDF|s3.39 MB|uhttps://publications.gc.ca/collections/Collection/H72-21-133-3-1995E.pdf |